000 00337nam a2200145Ia 4500
005 20251222153543.0
008 251222s9999||||xx |||||||||||||| ||spa||
020 _a8476980787
082 _a340/M84
100 _aMontero Aroca, Juan
245 0 _aDerecho Jurisdiccional:
250 _a1a. ed.
264 _bJMB Editor
942 _cLIB
999 _c30537
_d30537